[Event "271th YMCA Winter A"]
[Site "Warsaw"]
[Date "2023.03.14"]
[Round "10"]
[White "Tsiapko, Andrii"]
[Black "Safanowski, Tomasz"]
[Result "1-0"]
[WhiteElo "1651"]
[BlackElo "1704"]
[PlyCount "91"]
[EventDate "2023.01.13"]
[EventType "tourn"]
[EventRounds "1"]
[EventCountry "POL"]
[SourceDate "2023.01.12"]

1. d4 Nf6 2. Nf3 d6 3. Nbd2 Nbd7 4. e4 e5 5. c3 g6 6. Bc4 Bg7 7. O-O O-O 8. Re1
exd4 9. Nxd4 Nc5 10. Qc2 Re8 11. b4 d5 12. Bb5 c6 13. Nxc6 bxc6 14. Bxc6 Bd7
15. Bxa8 Nfxe4 16. Nxe4 Nxe4 17. Bxd5 Nxc3 18. Bxf7+ Kxf7 19. Bb2 Rxe1+ 20.
Rxe1 Ba4 21. Qc1 Qd3 22. Qe3 Qxe3 23. Rxe3 Nd1 24. Rf3+ Kg8 25. Bxg7 Kxg7 $11
26. Rd3 a6 27. Rd6 Nc3 28. Rxa6 Bb5 29. Ra7+ Kf6 30. f3 Ke5 31. a3 h5 32. Kf2
Kd4 33. Kg3 g5 34. Rg7 h4+ 35. Kf2 Nd1+ 36. Ke1 Ne3 37. Rxg5 Bc6 38. b5 Bb7 39.
a4 h3 40. gxh3 Bxf3 41. b6 Nc4 42. Rb5 Bb7 43. a5 Nd6 44. Rg5 Nc4 45. Rg7 Ba6
46. b7 1-0

[Event "271th YMCA Winter A"]
[Site "Warsaw"]
[Date "2023.03.22"]
[Round "10"]
[White "Szymkiewicz, Witold"]
[Black "Rylski, Tadeusz"]
[Result "1/2-1/2"]
[WhiteElo "1697"]
[BlackElo "1800"]
[PlyCount "119"]
[EventDate "2023.01.13"]
[EventType "tourn"]
[EventRounds "1"]
[EventCountry "POL"]
[SourceDate "2023.01.12"]

1. d4 d5 2. c4 c6 3. Nf3 Nf6 4. Nc3 e6 5. e3 Nbd7 6. Bd3 dxc4 7. Bxc4 b5 8. Be2
Bb7 9. O-O a6 10. Qb3 c5 11. Ne5 Bd6 12. Rd1 Qc7 13. Bxb5 c4 14. Bxd7+ Nxd7 15.
Qa4 Bxe5 16. dxe5 Bc6 17. Qxc4 Nxe5 18. Qc5 Rc8 19. e4 Ng4 20. Qd6 Qxd6 21.
Rxd6 Ke7 22. Rd1 Rhd8 23. Bg5+ f6 24. Bf4 g5 25. Bg3 f5 26. h3 Nf6 27. exf5
exf5 28. Be5 Ne4 29. f3 Nd2 30. Ne2 Bxf3 31. Re1 Be4 32. Bc3 Nc4 33. Ng3 Kf7
34. Nxe4 fxe4 35. Rxe4 Rd6 36. Rf1+ Kg6 37. Rfe1 Rcc6 38. Re7 Kh6 39. Rf1 Re6
40. Ra7 Nd6 41. Bg7+ Kh5 42. Bf8 h6 43. Re7 Nc4 44. b3 Nd2 45. Rd1 Rxe7 46.
Bxe7 Rc2 47. Bb4 Ne4 48. Re1 Ng3 49. Re3 Ne2+ 50. Kf1 Nf4 51. g4+ Kg6 52. a4
Rc1+ 53. Kf2 Rd1 54. Ba5 Rc1 55. Be1 Kf7 56. b4 Rc2+ 57. Kg3 Rg2+ 58. Kf3 Ra2
59. b5 axb5 60. axb5 1/2-1/2

[Event "271th YMCA Winter A"]
[Site "Warsaw"]
[Date "2023.03.17"]
[Round "10"]
[White "Terkiewicz, Bruno"]
[Black "Polak, Michal"]
[Result "1-0"]
[WhiteElo "1769"]
[BlackElo "1929"]
[PlyCount "127"]
[EventDate "2023.01.13"]
[EventType "tourn"]
[EventRounds "1"]
[EventCountry "POL"]
[SourceDate "2023.01.12"]

1. d4 Nf6 2. Nf3 e6 3. c4 b6 4. g3 Ba6 5. Qc2 Bb4+ 6. Nbd2 O-O 7. Bg2 Bb7 8.
O-O d5 9. Ne5 Nfd7 10. a3 Bd6 11. Nxd7 Nxd7 12. cxd5 exd5 13. Nc4 Be7 14. Bf4
Bf6 15. Rfd1 g6 16. Rac1 Re8 17. b4 a6 18. a4 Nf8 19. b5 Ne6 20. Be5 Bg5 21.
Ne3 Bxe3 22. fxe3 axb5 23. axb5 Rc8 24. Rf1 f5 25. Ra1 Ra8 26. Rxa8 Qxa8 27.
Qb2 Qd8 28. Ra1 Qd7 29. Ra7 c6 30. bxc6 Qxc6 31. Ra1 Ra8 32. Rc1 Qd7 33. Qxb6
Ra6 34. Qb3 Ra5 35. Rb1 Bc6 36. Qb8+ Qd8 37. Qb6 Qxb6 38. Rxb6 Ra1+ 39. Kf2 Rc1
40. Bd6 Kf7 41. Bc5 Ba8 42. Ra6 Nxc5 43. dxc5 Rxc5 44. Rxa8 Kf6 45. Ra6+ Ke5
46. Ra7 h5 47. Ra6 g5 48. Rg6 g4 49. Rh6 d4 50. Rxh5 dxe3+ 51. Kxe3 Kf6 52.
Rh6+ Ke5 53. Rc6 Ra5 54. Rc4 Ra3+ 55. Kf2 Ra2 56. Rf4 Kf6 57. h3 Kg5 58. hxg4
fxg4 59. Bd5 Ra6 60. Bb7 Rg6 61. Bc8 Kh5 62. Rxg4 Rc6 63. Rh4+ Kg5 64. Bb7 1-0

[Event "271th YMCA Winter A"]
[Site "Warsaw"]
[Date "2023.03.23"]
[Round "11"]
[White "Rylski, Tadeusz"]
[Black "Terkiewicz, Bruno"]
[Result "0-1"]
[WhiteElo "1800"]
[BlackElo "1769"]
[PlyCount "79"]
[EventDate "2023.01.13"]
[EventType "tourn"]
[EventRounds "1"]
[EventCountry "POL"]
[SourceDate "2023.01.12"]

1. e4 c6 2. d4 d5 3. exd5 cxd5 4. Bd3 Nc6 5. c3 Qc7 6. Ne2 Bg4 7. O-O Nf6 8.
Qe1 Bh5 9. Bf4 Qb6 10. Na3 Bg6 11. Qb1 a6 12. Bxg6 hxg6 13. Nc2 e6 14. Ne1 Ne4
15. Nf3 Bd6 16. Bxd6 Nxd6 17. Ng5 Nc4 18. Qc2 Qc7 19. g3 Rh5 20. h4 Nd6 21. Nf4
Rh6 22. Qd2 Nf5 23. Rfe1 O-O-O 24. Ngxe6 fxe6 25. Nxe6 Qd7 26. Nxd8 Nxd8 27.
Qe2 Nf7 28. Qe8+ Kc7 29. Rac1 N7d6 30. Qe5 Rh5 31. c4 Nxh4 32. cxd5+ Kb8 33.
Qf4 Nhf5 34. Re6 Ka7 35. g4 Rh4 36. Qg5 Nf7 37. Qxg6 Qxd5 38. Rxa6+ Kb8 39. f3
Qxd4+ 40. Kf1 0-1

[Event "271th YMCA Winter A"]
[Site "Warsaw"]
[Date "2023.03.22"]
[Round "11"]
[White "Sternik, Piotr"]
[Black "Tsiapko, Andrii"]
[Result "0-1"]
[WhiteElo "1793"]
[BlackElo "1651"]
[PlyCount "84"]
[EventDate "2023.01.13"]
[EventType "tourn"]
[EventRounds "1"]
[EventCountry "POL"]
[SourceDate "2023.01.12"]

1. d4 d5 2. c4 e6 3. Nf3 Nf6 4. g3 Be7 5. Bg2 O-O 6. O-O c6 7. Nc3 b6 8. Nd2
Bb7 9. e4 Na6 10. e5 Nd7 11. Qg4 Nc7 12. cxd5 Nxd5 13. Nxd5 cxd5 14. Nf3 Kh8
15. Be3 Ba6 16. Rfd1 Rc8 17. Qh5 Rc2 18. Rd2 Rxd2 19. Nxd2 Bd3 20. f4 Qc7 21.
Nf3 Qc2 22. Rc1 Qe2 23. Re1 Qxb2 24. g4 Bg6 25. Qh3 f5 26. exf6 Bxf6 27. g5 Bf5
28. Qg3 Be7 29. h4 Rc8 30. h5 Bb4 31. Rf1 Qe2 32. Bf2 Rc2 33. g6 h6 34. Qh4 Nf6
35. Ne5 Qxh5 36. a3 Bd2 37. Qg3 Rc3 38. Bf3 Qh3 39. Rd1 Qxg3+ 40. Bxg3 Be3+ 41.
Bf2 Bxf4 42. Re1 Bxe5 0-1

[Event "271th YMCA Winter A"]
[Site "Warsaw"]
[Date "2023.03.23"]
[Round "11"]
[White "Pettersson, Alexander"]
[Black "Mazurek, Jerzy"]
[Result "1/2-1/2"]
[WhiteElo "1878"]
[BlackElo "1715"]
[PlyCount "55"]
[EventDate "2023.01.13"]
[EventType "tourn"]
[EventRounds "1"]
[EventCountry "POL"]
[SourceDate "2023.01.12"]

1. d4 Nf6 2. c4 g6 3. Nc3 Bg7 4. e4 d6 5. Bd3 O-O 6. Nge2 Nc6 7. O-O e5 8. d5
Nd4 9. Bc2 c5 10. dxc6 bxc6 11. Nxd4 exd4 12. Qxd4 Ng4 13. Qd1 Qh4 14. Bf4 Ne5
15. Bg3 Qh6 16. Qxd6 Nxc4 17. Qxc6 Be6 18. Nd5 Bxd5 19. Qxd5 Nd2 20. Rfe1 Bxb2
21. Rad1 Bc3 22. Re3 Rfd8 23. Bd6 Rac8 24. Rxd2 Bxd2 25. Qxd2 Rxd6 26. Qxd6
Rxc2 27. Qb8+ Qf8 28. Qxf8+ $11 1/2-1/2

[Event "271th YMCA Winter A"]
[Site "Warsaw"]
[Date "2023.03.21"]
[Round "11"]
[White "Kasperkiewicz, Pawel"]
[Black "Choroszej, Aleksander"]
[Result "1-0"]
[WhiteElo "1894"]
[BlackElo "2036"]
[PlyCount "120"]
[EventDate "2023.01.13"]
[EventType "tourn"]
[EventRounds "1"]
[EventCountry "POL"]
[SourceDate "2023.01.12"]

1. b4 e5 2. Bb2 d6 3. c4 Nf6 4. Nc3 g6 5. Nf3 Bg7 6. e3 O-O 7. Be2 Re8 8. d4 e4
9. Nd2 c6 10. g4 h6 11. h4 d5 12. Rg1 Be6 13. Qc2 Nbd7 14. O-O-O a5 15. cxd5
Nxd5 16. b5 Nb4 17. Qxe4 cxb5 18. Bxb5 Rc8 19. a3 Qb6 20. a4 Qd6 21. Kb1 Ba2+
22. Nxa2 Rxe4 23. Nxe4 Qe7 24. Nac3 Nb6 25. g5 hxg5 26. hxg5 N6d5 27. Rc1 Nxc3+
28. Nxc3 Qe6 29. Rgf1 Bf8 30. e4 Bg7 31. d5 Qe7 32. f3 Qxg5 33. d6 Rd8 34. d7
Nc6 35. Rcd1 Qe7 36. Nd5 Qc5 37. Nf6+ Kf8 38. e5 Nxe5 39. Rc1 Qe7 40. Nd5 Qg5
41. Rc8 Nxd7 42. Ba3+ Kg8 43. Ne7+ Qxe7 44. Bxe7 Rxc8 45. Bxd7 Rc7 46. Rd1 Rc3
47. f4 Rc4 48. Bd6 Bh6 49. Bb5 Re4 50. Be5 f6 51. Bxf6 Bxf4 52. Rd4 Re1+ 53.
Kc2 g5 54. Rd7 Rc1+ 55. Kd3 Rd1+ 56. Ke4 Rxd7 57. Bxd7 Kf7 58. Kf5 Be3 59. Bxg5
Bc5 60. Bd8 b6 1-0